| 000 | 00367nam a2200145Ia 4500 | ||
|---|---|---|---|
| 008 | 230312s9999||||xx |||||||||||||| ||und|| | ||
| 020 | _a0-13-093581-6 | ||
| 082 |
_a004.65 _bCOM |
||
| 100 | _aComer Doughlas E. | ||
| 245 | 0 | _aComputer Networks and Internets | |
| 300 | _a683 | ||
| 546 | _aEng. | ||
| 650 |
_aComputer _vIntroduction, Motivation and Tools |
||
| 942 | _cBK | ||
| 999 |
_c3543 _d3543 |
||